00266nam a2200097Ia 4500008004100000100002400041245004000065260004700105300000800152650000800160191201s2011 xx 000 0 und d aCHERUNILAM, Francis 0aIndustrial Marketing Text and Cases aN. DelhibHimalaya Publication Housec2011 a381 aMBA